Diversified? Welcome to the world of business rates (Record no. 117130)

MARC details
000 -LEADER
fixed length control field 00807cam a2200205 4500
001 - CONTROL NUMBER
control field ABS67677
008 - FIXED-LENGTH DATA ELEMENTS--GENERAL INFORMATION
fixed length control field 040324n2004 000 0 eng u
035 ## - SYSTEM CONTROL NUMBER
System control number (Sirsi) u125543
100 ## - MAIN ENTRY--PERSONAL NAME
Personal name Cousins, D.
245 ## - TITLE STATEMENT
Title Diversified? Welcome to the world of business rates
260 ## - PUBLICATION, DISTRIBUTION, ETC.
Date of publication, distribution, etc. 2004
490 ## - SERIES STATEMENT
Series statement Farmers' Weekly
Volume/sequential designation 140(8) 20 February 2004, 62-63(2)
520 ## - SUMMARY, ETC.
Summary, etc. Explains that farmers who have diversified into non-farming areas, or are thinking of doing so, need to know about business rates. Using a question and answer style, the article looks at how business rates work, what a farmer might expect and what reliefs are available.
590 ## - LOCAL NOTE (RLIN)
Local note ABS
590 ## - LOCAL NOTE (RLIN)
Local note ABS
650 ## - SUBJECT ADDED ENTRY--TOPICAL TERM
Topical term or geographic name entry element FARM DIVERSIFICATION
650 ## - SUBJECT ADDED ENTRY--TOPICAL TERM
Topical term or geographic name entry element BUSINESS RATES
690 ## - LOCAL SUBJECT ADDED ENTRY--TOPICAL TERM (OCLC, RLIN)
Topical term or geographic name as entry element RURAL-FARM BUSINESS MANAGEMENT
942 ## - ADDED ENTRY ELEMENTS (KOHA)
Suppress in OPAC 0
Holdings
Withdrawn status Lost status Source of classification or shelving scheme Damaged status Not for loan Home library Current library Shelving location Date acquired Total Checkouts Full call number Barcode Date last seen Copy number Price effective from Koha item type
    Dewey Decimal Classification     London London Journal article 24/03/2004   ABS67677 125543-1001 06/08/2019 1 06/08/2019 Journal article